Nigerian Biomedical Science Journal (Record no. 44271)

MARC details
000 -LEADER
fixed length control field 00492nam a2200169Ia 4500
022 ## - INTERNATIONAL STANDARD SERIAL NUMBER
ISSN 0794-1056
050 ## - CALL MARK
Classification number R11 .N54
245 #0 - TITLE STATEMENT
Title Nigerian Biomedical Science Journal
250 ## - EDITION / VOLUME STATEMENT
Edition / Volume statement Vol. 21, No. 4
260 ## - PUBLICATION, DISTRIBUTION, ETC. (IMPRINT)
Place of publication Abuja, Nigeria
260 ## - PUBLICATION, DISTRIBUTION, ETC. (IMPRINT)
Name of publisher Institute of Biomedical Science of Nigeria (IBSN)
260 ## - PUBLICATION, DISTRIBUTION, ETC. (IMPRINT)
Year of publication 2024
300 ## - PHYSICAL DESCRIPTION
Number of Pages 50 p. :ill. ; 29 cm.
650 ## - SUBJECT ADDED ENTRY--TOPICAL TERM
Topical Term Medical laboratory science Periodicals. Clinical biochemistry--Periodicals.
942 ## - ADDED ENTRY ELEMENTS (KOHA)
Koha item type Serials
Source of classification Library of Congress Classification

No items available.